| 000 | 00526nam a2200169 a 4500 | ||
|---|---|---|---|
| 005 | 20140412111237.0 | ||
| 008 | 010710s19uu xx 00 eng d | ||
| 020 | _a0-7871-0490-6 | ||
| 050 |
_aTR(PS E _bDa12 1997 |
||
| 100 | _aKing, Larry | ||
| 245 |
_aDaddy day, daughter day / _cby Larry King and Chaia King; illustrated by Wendy Christensen. |
||
| 260 |
_aLos Angeles, CA : _bA Dove Kids, _c1997. |
||
| 300 | _a1v. (unp.) ; ill. | ||
| 650 | _aDivorce-Stories | ||
| 650 | _aFather and daughter-Stories | ||
| 999 |
_c102514 _d102514 |
||